| 000 | 00447nam a22001817a 4500 | ||
|---|---|---|---|
| 005 | 20230111122422.0 | ||
| 008 | 221217b |||||||| |||| 00| 0 eng d | ||
| 020 | _a978-81312-5165-2 | ||
| 041 | _aeng | ||
| 082 | _a346 AHU-L | ||
| 100 |
_aAHUJA ,V K _97377 |
||
| 245 | _aLAW RELATING TO INTELLECTUAL PROPERTY RIGHTS | ||
| 250 | _a3rd ed. | ||
| 260 |
_aHARYANA _bLEXIS NEXIS _c2022 |
||
| 300 | _a769;P. | ||
| 650 |
_aLAW _95701 |
||
| 942 | _cBK | ||
| 999 |
_c8094 _d8092 |
||